zpět

Detail výsledku týmu

Bartolomějka, Kolín

Datum a čas kvízu

24.5 Celkem bodů Celkový počet nahraných bodů na tomto kvízu bez doplňovacích otázek.
9. Pořadí na kvízu Konečné umístění týmu na tomto kvízu.

Zaznamenané odpovědi

# Otázka Odpověď Body Výsledky
1. Někdejší předseda Nejvyššího s... 0
2. Bývalý ukrajinský prezident by... 0
3. Americká filmová akademie minu... 1
4. Pouze dva obžalovaní stanuli v... 0
5. První vítězství ve světovém po... 1
22. Tento živočich z řádu krokodýl... 0
23. Od želv se můžeme dostat ke Ga... 1
24. Jak se nazývá tento živočich?... 1
25. Napište jméno herce s tureckým... 1
10. Jedna americká televizní stani... 0